00472nam a2200181 a 4500001001300000003000900013005001700022008004100039020002300080082001700103100002400120245002500144260003200169300000900201500003500210650002100245700002400266nice12345678IN_TiNIC20260116014152.0070413s2005 dela grp 000 0 eng  a8171673724 c15000a294.543bAYA aAyyar, P V Jagadisa aSouth Indian Customs aDelhi bRupa and Co. c2005 a167p aincludes index and biblioraphy aHinduism-Rituals1 aAyyar, P V Jagadisa